| 000 | 00765nas a2200265 4500 | ||
|---|---|---|---|
| 001 | BR0104849 | ||
| 003 | BR-BrBNA | ||
| 005 | 20231205102535.0 | ||
| 007 | ta | ||
| 008 | 230509b bl.|||p| |||| 00| 00por d | ||
| 040 |
_aBR-BrBNA _bpor _cBiblioteca Nacional de Agricultura |
||
| 041 | _a(Pt) | ||
| 072 | _aQ03 | ||
| 100 | 1 | _aLeoni, L.A.B. | |
| 100 | 1 | _aFurlani, R.P.Z. | |
| 100 | 1 | _aSoares, L.M.V. | |
| 100 | 1 | _aOliveira, P.L.C. | |
| 245 | 1 | _aOchratoxin a in brazilian green coffee | |
| 650 | _aCafe | ||
| 650 | _aOcratoxina | ||
| 650 | _aAnalise de Alimento | ||
| 773 | 0 |
_tCiencia e Tecnologia de Alimentos (Brazil) _xISSN 0101-2061 _g(Jan-Apr 2001), v. 21(1) p. 105-107 _wBR0104849 |
|
| 909 |
_a202311 _bLúcia _c55 _dLúcia Elande |
||
| 942 |
_2AGRIS _n0 _cANA |
||
| 999 |
_c168070 _d168070 |
||